Histoire de la France de 1348 à 1852 Tài liệu được sao chụp một phần trong cuốn này
Сохранить в:
| Формат: | |
|---|---|
| Язык: | Undetermined |
| Опубликовано: |
Paris
Larousse
1970
|
| Предметы: | |
| Метки: |
Добавить метку
Нет меток, Требуется 1-ая метка записи!
|
| Thư viện lưu trữ: | Trung tâm Học liệu Trường Đại học Cần Thơ |
|---|
| LEADER | 00491nam a2200157Ia 4500 | ||
|---|---|---|---|
| 001 | CTU_10791 | ||
| 008 | 210402s9999 xx 000 0 und d | ||
| 082 | |a 944.03 | ||
| 082 | |b H673 | ||
| 245 | 0 | |a Histoire de la France de 1348 à 1852 | |
| 245 | 0 | |b Tài liệu được sao chụp một phần trong cuốn này | |
| 260 | |a Paris | ||
| 260 | |b Larousse | ||
| 260 | |c 1970 | ||
| 650 | |a france - history - 19th century | ||
| 980 | |a Trung tâm Học liệu Trường Đại học Cần Thơ | ||